| 000 | 00470nam a2200169Ia 4500 | ||
|---|---|---|---|
| 003 | GCL | ||
| 008 | 140319s9999 xx 000 0 eng d | ||
| 040 |
_aGCL / _cGCL |
||
| 082 | 0 | 4 |
_a540.3 _bP M |
| 100 | 1 | _aPARKER, SYBIL | |
| 245 | 1 | 0 |
_aMC GRAW - HILL DICTIONARY OF CHEMISTRY / _cPARKER, SYBIL |
| 260 |
_a[S.N] : _bMC GRAW - HILL ، _c1997 |
||
| 300 | _a454 P | ||
| 650 | 0 | 4 | _aالمجموعات النادرة |
| 650 | 0 | 4 | _aCHEMISTRY - DICTIONARIES |
| 942 |
_2ddc _cBK |
||
| 999 |
_c15953 _d15953 |
||